| 000 | 00809nam a2200217 a 4500 | ||
|---|---|---|---|
| 001 | 57753 | ||
| 003 | BD-RjUL | ||
| 005 | 20211209080540.0 | ||
| 008 | 161211s1954 ii ||||| |||| 00| 0 ben d | ||
| 035 | _a(BD-RjUL)57877 | ||
| 040 |
_aBD-RjUL _bben _cBD-RjUL _dBD-RjUL |
||
| 041 | _aben | ||
| 082 |
_223 _a338.0951 _bDUC 1954 |
||
| 100 |
_aদত্ত, প্রভাতকুমার _9143378 |
||
| 245 | 1 | 0 |
_aচীনা শিল্পের কথা / _cপ্রভাতকুমার দত্ত |
| 260 |
_aকলিকাতা : _bক্যাল্কাটা বুক ক্লাব, _c১৯৫৪. |
||
| 300 |
_a[৬], ৬৮ পৃ. ; _c১৯ সেমি. |
||
| 650 |
_aচীনা শিল্প _9143379 _zচীনা |
||
| 650 |
_aIndustry _zChina _9171512 |
||
| 942 |
_2ddc _cBK |
||
| 999 |
_c57753 _d57753 |
||